000 00299nam a22001217a 4500
008 190315b xxu||||| |||| 00| 0 eng d
041 _aeng
080 _a043.3
100 _a0
101 _aMBE-BA
245 _aNdikimi i reklamave të Facebook në sjelljen konsumatore
_cBeqiri,M
942 _2udc
_cBK
999 _c54846
_d54846